| 000 | 01212nam a22003857a 4500 | ||
|---|---|---|---|
| 001 | BR0704920 | ||
| 003 | BR-BrBNA | ||
| 005 | 20250131121419.0 | ||
| 007 | ta | ||
| 008 | 230509b bl.||||| |||| 00| 0 por d | ||
| 040 |
_aBR-BrBNA _bpor _cBiblioteca Nacional de Agricultura |
||
| 041 | _a(Por) | ||
| 072 |
_aE72; E71; E16 _b0336 |
||
| 100 | 1 | _aPinazza, L.A.(coord.) | |
| 110 | 1 | _aMinistério da Agricultura, Pecuária e Abastecimento, Brasília, DF (Brasil). Secretaria de Política Agrícola | |
| 110 | 1 |
_aIICA, Brasília, DF (Brasil) _95552 |
|
| 245 | 1 |
_aCadeia produtiva da soja; vol. 2 _bSérie Agronegócios |
|
| 260 | 3 |
_aBrasília, DF (Brasil): _c2007. |
|
| 300 | _a114 p. | ||
| 500 | _a5 ref.; 67 illus. | ||
| 650 | _aSOJA | ||
| 650 | _aCADEIA PRODUTIVA | ||
| 650 | _aAGRONEGÓCIO | ||
| 650 | _aMERCADO MUNDIAL | ||
| 650 | _aMERCADO NACIONAL | ||
| 650 | _aPOLÍTICA AGRÍCOLA | ||
| 650 | _aESTATÍSTICA DE PRODUÇÃO | ||
| 650 | _aCUSTO DE PRODUÇÃO | ||
| 650 | _aCONSUMO | ||
| 650 | _aCRESCIMENTO ECONÔMICO | ||
| 650 | _aIMPORTAÇÃO | ||
| 650 | _aEXPORTAÇÃO | ||
| 856 | _uhttps://repositorio-dspace.agricultura.gov.br/bitstream/1/494/1/BR0704920.pdf | ||
| 942 |
_cBK _2AGRIS |
||
| 999 |
_c71170 _d71170 |
||